000 00635nam a22001937a 4500
005 20250711122437.0
008 250711b |||||||| |||| 00| 0 eng d
020 _a978-1-111-98987-3
050 _aTX 360 .U6 B69 2013
100 _aBOYLE, MARIE A.
245 _aCOMMUNITY NUTRITION IN ACTION: AN ENTREPRENEURIAL APPROACH
250 _a6
260 _aBELMONT, OH,
_b CENGAGE LEARNING,
_c 2013
300 _aXV,772P.:ILL
500 _aINCLUDES BIBLIOGRAPHICAL REFERENCES AND INDEX
650 _a1. NUTRITION POLICY--UNITED STATES 2. COMMUNITY HEALTH SERVICES--UNITED STATES
700 _aHOLBEN, DAVID H.
942 _2lcc
_cBK
999 _c215886
_d215886